[Event "Alcorcon Spring op-B 1st"]
[Site "Alcorcon"]
[Date "2019.04.07"]
[Round "3"]
[White "Soria Martinez, Daniel"]
[Black "Cortijo Manso, Luis"]
[Result "1/2-1/2"]
[WhiteElo "1328"]
[BlackElo "1482"]
[PlyCount "85"]
[EventDate "2019.03.24"]
[EventType "swiss"]
[EventRounds "9"]
[EventCountry "ESP"]
[SourceTitle "EXT 2020"]
[Source "ChessBase"]
[SourceDate "2019.10.17"]
[SourceVersion "1"]
[SourceVersionDate "2019.10.17"]
[SourceQuality "1"]

1. e4 e6 2. d4 d5 3. e5 c5 4. c3 Nc6 5. Nf3 Nge7 6. dxc5 Ng6 7. Bg5 Qc7 8. b4 Ngxe5 9. Nbd2 a6 10. Be2 Bd7 11. a4 h6 12. Be3 Be7 13. Nxe5 Nxe5 14. Bd4 0-0 15. 0-0 Ng6 16. Nf3 e5 17. Be3 Nf4 18. Bxf4 exf4 19. Qxd5 Bc6 20. Qb3 Rad8 21. Rad1 Bf6 22. b5 axb5 23. axb5 Bxf3 24. Bxf3 Qxc5 25. Bxb7 Qxc3 26. Qxc3 Bxc3 27. Rxd8 Rxd8 28. Rb1 Rd6 29. Bc6 Bd4 30. Kf1 Bb6 31. Ke2 g5 32. Ra1 Rd8 33. Ra8 Rxa8 34. Bxa8 Kg7 35. f3 Kf6 36. Kd3 Ke5 37. Kc4 h5 38. Bd5 f5 39. Bf7 h4 40. h3 Be3 41. Kb4 Bb6 42. Kc4 Kf6 43. Be8 1/2-1/2

[Event "Madrid San Viator op-B 30th"]
[Site "Madrid"]
[Date "2018.06.03"]
[Round "8"]
[White "Cortijo Manso, Luis"]
[Black "Mantecon Soto, Fernando"]
[Result "1/2-1/2"]
[WhiteElo "1490"]
[BlackElo "1293"]
[PlyCount "114"]
[EventDate "2018.04.08"]
[EventType "swiss"]
[EventRounds "9"]
[EventCountry "ESP"]
[SourceTitle "EXT 2019"]
[Source "ChessBase"]
[SourceDate "2018.10.10"]
[SourceVersion "1"]
[SourceVersionDate "2018.10.10"]
[SourceQuality "1"]

1. Nf3 Nf6 2. c4 e6 3. g3 b6 4. Bg2 Bb7 5. 0-0 Be7 6. d4 d5 7. Ne5 Nc6 8. Qa4 0-0 9. Nxc6 Bxc6 10. Qxc6 Qd6 11. Qxd6 Bxd6 12. cxd5 exd5 13. Nc3 c6 14. Nd1 Rfe8 15. Ne3 Ne4 16. a3 Rab8 17. Nf5 g6 18. Nxd6 Nxd6 19. Bf4 Rbd8 20. e3 Nc4 21. b3 Nd2 22. Rfd1 Nxb3 23. Rab1 Na5 24. Bg5 Rd7 25. Bh3 f5 26. Bg2 Nc4 27. Rb3 b5 28. Bf1 a5 29. Bxc4 dxc4 30. Rc3 Rc8 31. Bf6 Kf7 32. Be5 Re8 33. f4 c5 34. Kf2 Rc8 35. Ke2 cxd4 36. Rxd4 Rxd4 37. Bxd4 Ke6 38. h3 b4 39. axb4 axb4 40. Rc1 c3 41. Kd3 Kd5 42. g4 Ra8 43. Rb1 Ra2 44. Bxc3 bxc3 45. Kxc3 Ke4 46. gxf5 gxf5 47. Re1 Rh2 48. h4 Rxh4 49. Re2 Rh3 50. Kd2 h5 51. Rg2 h4 52. Rg8 Rh2+ 53. Ke1 Kxe3 54. Kf1 Kxf4 55. Kg1 Ra2 56. Rh8 Kg3 57. Rg8+ Kf3 1/2-1/2

[Event "Madrid San Viator op-B 30th"]
[Site "Madrid"]
[Date "2018.04.15"]
[Round "2"]
[White "Cortijo Manso, Luis"]
[Black "Sanchez Rivero, Miguel"]
[Result "1/2-1/2"]
[WhiteElo "1490"]
[BlackElo "1604"]
[PlyCount "92"]
[EventDate "2018.04.08"]
[EventType "swiss"]
[EventRounds "9"]
[EventCountry "ESP"]
[SourceTitle "EXT 2019"]
[Source "ChessBase"]
[SourceDate "2018.10.10"]
[SourceVersion "1"]
[SourceVersionDate "2018.10.10"]
[SourceQuality "1"]

1. Nf3 d5 2. c4 dxc4 3. e3 Nf6 4. Bxc4 e6 5. Nc3 Nc6 6. 0-0 Be7 7. d4 0-0 8. e4 a6 9. Bb3 b5 10. e5 Nd5 11. Ne4 Na5 12. Bc2 Nb4 13. Bb1 Nc4 14. b3 Nb6 15. Neg5 h6 16. Ne4 Bb7 17. a3 N4d5 18. Qd3 f5 19. exf6 Nxf6 20. Nxf6+ Bxf6 21. Qh7+ Kf7 22. Bxh6 Bxf3 23. gxf3 Qxd4 24. Bg6+ Ke7 25. Rad1 Qh4 26. Be3 Nd7 27. Qxh4 Bxh4 28. Be4 Rad8 29. f4 Rg8 30. Bb7 Nb8 31. Bc5+ Kf7 32. f5 c6 33. fxe6+ Kxe6 34. Rfe1+ Kf5 35. Bd6 Rd7 36. Bxb8 Rxb7 37. Bg3 Bf6 38. Kf1 a5 39. Rd6 Rb6 40. Ree6 Rc8 41. Re2 a4 42. b4 Rb7 43. Rc2 Rb6 44. h4 Ke4 45. Re2+ Kf5 46. Rc2 Ke4 1/2-1/2

[Event "Madrid San Viator op-B 29th"]
[Site "Madrid"]
[Date "2017.10.29"]
[Round "6"]
[White "Cortijo Manso, Luis"]
[Black "Calvo Gonzalez, Jose Felix"]
[Result "1-0"]
[WhiteElo "1555"]
[BlackElo "1385"]
[PlyCount "89"]
[EventDate "2017.09.17"]
[EventType "swiss"]
[EventRounds "9"]
[EventCountry "ESP"]
[SourceTitle "EXT 2019"]
[Source "ChessBase"]
[SourceDate "2018.10.10"]
[SourceVersion "1"]
[SourceVersionDate "2018.10.10"]
[SourceQuality "1"]

1. Nf3 c5 2. c4 g6 3. g3 Bg7 4. Bg2 Nc6 5. Nc3 Nf6 6. 0-0 0-0 7. d4 cxd4 8. Nxd4 Nxd4 9. Qxd4 d6 10. Qd1 Qc7 11. Qb3 Rb8 12. Nb5 Qa5 13. Be3 a6 14. Nd4 Qc7 15. Rac1 Bd7 16. Nf3 Bc6 17. c5 dxc5 18. Bf4 Qc8 19. Bxb8 Qxb8 20. Rxc5 Nd7 21. Rcc1 Rd8 22. Ng5 e6 23. Bxc6 bxc6 24. Rxc6 Qxb3 25. axb3 Rb8 26. Rxa6 Rxb3 27. Ra8+ Nf8 28. Ra7 f6 29. Ne4 Rxb2 30. e3 Rc2 31. Nd6 Rd2 32. Ne8 Rd7 33. Rxd7 Nxd7 34. Nxg7 Kxg7 35. Ra1 Kf7 36. Kg2 f5 37. Ra7 Ke7 38. h4 Kd6 39. Ra8 Nf6 40. Kf3 h5 41. Ra7 Nd7 42. e4 fxe4+ 43. Kxe4 Nf6+ 44. Ke3 Nd7 45. Kd4 1-0

[Event "Madrid San Viator op-B 29th"]
[Site "Madrid"]
[Date "2017.10.08"]
[Round "4"]
[White "Cortijo Manso, Luis"]
[Black "Cuadrado Carmona, Javier"]
[Result "1/2-1/2"]
[WhiteElo "1555"]
[BlackElo "1195"]
[PlyCount "154"]
[EventDate "2017.09.17"]
[EventType "swiss"]
[EventRounds "9"]
[EventCountry "ESP"]
[SourceTitle "EXT 2019"]
[Source "ChessBase"]
[SourceDate "2018.10.10"]
[SourceVersion "1"]
[SourceVersionDate "2018.10.10"]
[SourceQuality "1"]

1. Nf3 d5 2. d4 Nc6 3. g3 Bf5 4. a3 Nf6 5. Bg2 e6 6. 0-0 Bd6 7. Nbd2 e5 8. dxe5 Nxe5 9. Nxe5 Bxe5 10. Nf3 Bd6 11. Nd4 Be4 12. Nf3 0-0 13. c3 h6 14. Re1 Re8 15. e3 c6 16. Bf1 Qd7 17. Nd2 Bf5 18. c4 Bh3 19. cxd5 Bxf1 20. dxc6 Qh3 21. Rxf1 Ng4 22. Nf3 Re6 23. cxb7 Rb8 24. Qe2 Rf6 25. Rd1 Rxb7 26. Qf1 Qxf1+ 27. Kxf1 Rxf3 28. Rxd6 Rxf2+ 29. Kg1 Rxh2 30. Rd4 h5 31. Rxg4 Rhxb2 32. Rb4 R2xb4 33. axb4 Rxb4 34. Rxa7 Rg4 35. Kf2 Rc4 36. Ba3 Rc6 37. Be7 Rb6 38. Bc5 Rf6+ 39. Kg2 Rg6 40. Ra4 Rc6 41. Bd4 Rg6 42. Kh3 Rh6 43. Kh4 f6 44. e4 g5+ 45. Kh3 Kg7 46. Ra7+ Kg8 47. Rb7 Rg6 48. Bb2 Rg7 49. Rb8+ Kf7 50. Rb6 Rg6 51. Rb7+ Kf8 52. Ba3+ Kg8 53. Bb2 Kf8 54. e5 fxe5 55. Bxe5 Re6 56. Bb2 Ke8 57. Rh7 h4 58. gxh4 gxh4 59. Kxh4 Re4+ 60. Kg5 Re2 61. Bf6 Rg2+ 62. Kf5 Rf2+ 63. Ke6 Re2+ 64. Be5 Rf2 65. Re7+ Kf8 66. Ra7 Kg8 67. Rg7+ Kf8 68. Rh7 Ke8 69. Rb7 Rd2 70. Bd6 Re2+ 71. Kf6 Rf2+ 72. Kg6 Rg2+ 73. Kf5 Rf2+ 74. Bf4 Re2 75. Kf6 Rf2 76. Ke6 Re2+ 77. Kd5 Rf2 1/2-1/2

[Event "Madrid San Viator op-B 28th"]
[Site "Madrid"]
[Date "2017.05.14"]
[Round "6"]
[White "Cortijo Manso, Luis"]
[Black "Marinas Olaya, Marta"]
[Result "1-0"]
[WhiteElo "1534"]
[BlackElo "1307"]
[PlyCount "131"]
[EventDate "2017.03.26"]
[EventType "swiss"]
[EventRounds "9"]
[EventCountry "ESP"]
[SourceTitle "EXT 2019"]
[Source "ChessBase"]
[SourceDate "2018.10.10"]
[SourceVersion "1"]
[SourceVersionDate "2018.10.10"]
[SourceQuality "1"]

1. Nf3 Nc6 2. d4 d5 3. g3 Nf6 4. Bg2 e6 5. 0-0 Bd6 6. Nbd2 0-0 7. c4 Ne4 8. cxd5 Nxd2 9. Bxd2 exd5 10. Qc2 h6 11. Qb3 Be7 12. Rac1 Bg4 13. e3 Rb8 14. Rfe1 f5 15. Bc3 Bxf3 16. Bxf3 Qd6 17. Qxd5+ Qxd5 18. Bxd5+ Kh8 19. a3 Rfd8 20. Bg2 Bd6 21. Bh3 Ne7 22. Bg2 b5 23. Bb4 Nc8 24. Ba5 Nb6 25. Rc2 Nc4 26. Bc3 b4 27. Bxb4 Bxb4 28. axb4 Rxb4 29. b3 Na3 30. Rxc7 Rxb3 31. Rxa7 Nc2 32. Rf1 Rdb8 33. Rc7 Na3 34. Rfc1 Nb5 35. Rc8+ Rxc8 36. Rxc8+ Kh7 37. Rc1 Rd3 38. Bf1 Rc3 39. Rxc3 Nxc3 40. Kg2 Nd5 41. h4 g5 42. hxg5 hxg5 43. Bd3 Kg6 44. e4 Ne7 45. e5 Kf7 46. f4 gxf4 47. gxf4 Ke6 48. Bc4+ Nd5 49. Kf3 Kd7 50. Bxd5 Ke7 51. Ba2 Kd7 52. d5 Ke7 53. Bb1 Kd7 54. Bxf5+ Ke7 55. Ke4 Kf7 56. Bh3 Ke7 57. d6+ Kf7 58. Kd5 Kg6 59. d7 Kf7 60. Kd6 Kg6 61. d8Q Kg7 62. Qf6+ Kh7 63. e6 Kg8 64. e7 Kh7 65. Bf5+ Kg8 66. e8Q# 1-0

[Event "Madrid San Viator op-B 28th"]
[Site "Madrid"]
[Date "2017.04.02"]
[Round "2"]
[White "Garcia Castineira, Ivan"]
[Black "Cortijo Manso, Luis"]
[Result "1-0"]
[WhiteElo "1656"]
[BlackElo "1534"]
[PlyCount "93"]
[EventDate "2017.03.26"]
[EventType "swiss"]
[EventRounds "9"]
[EventCountry "ESP"]
[SourceTitle "EXT 2019"]
[Source "ChessBase"]
[SourceDate "2018.10.10"]
[SourceVersion "1"]
[SourceVersionDate "2018.10.10"]
[SourceQuality "1"]

1. d4 Nf6 2. c4 c5 3. d5 g6 4. Nc3 a6 5. a4 Bg7 6. e4 d6 7. h3 Nbd7 8. Nf3 0-0 9. Bd3 Ne8 10. Qc2 Nc7 11. 0-0 e6 12. Re1 Ne5 13. Nxe5 Bxe5 14. Bh6 Re8 15. Ne2 Bd7 16. Bd2 b5 17. axb5 axb5 18. Bc3 Bxc3 19. Nxc3 bxc4 20. Bxc4 e5 21. Qd2 Qf6 22. Ra3 Reb8 23. Rea1 Rxa3 24. Rxa3 Qd8 25. b3 Kg7 26. Qa2 Ra8 27. Rxa8 Qxa8 28. Qxa8 Nxa8 29. Bb5 Bc8 30. Na4 Nc7 31. Bd3 f5 32. Nb6 fxe4 33. Bxe4 Bf5 34. f3 Kf6 35. Kf2 Bxe4 36. fxe4 Kg5 37. g3 h5 38. Nc8 Nb5 39. h4+ Kg4 40. Ne7 g5 41. hxg5 Kxg5 42. Nf5 Kg4 43. Kg2 Nd4 44. Nxd6 Nxb3 45. Nc4 Nd4 46. Nxe5+ Kg5 47. Nf3+ 1-0

[Event "Madrid-ch Seniors 50"]
[Site "Madrid"]
[Date "2017.01.17"]
[Round "7"]
[White "Benitez Cadenas, Luis Miguel"]
[Black "Cortijo Manso, Luis"]
[Result "0-1"]
[WhiteElo "1595"]
[BlackElo "1489"]
[PlyCount "88"]
[EventDate "2017.01.09"]
[EventType "swiss"]
[EventRounds "9"]
[EventCountry "ESP"]
[SourceTitle "CBM 176 Extra"]
[Source "ChessBase"]
[SourceDate "2017.03.02"]
[SourceVersion "1"]
[SourceVersionDate "2017.03.02"]
[SourceQuality "1"]

1. d4 Nf6 2. c4 g6 3. Nc3 d5 4. Nf3 Bg7 5. Bg5 dxc4 6. e3 0-0 7. Bxc4 c5 8. Qb3 Nc6 9. dxc5 Na5 10. Qa4 Nxc4 11. Qxc4 Be6 12. Qa4 Bd7 13. Qa3 Bc6 14. Rd1 Qc7 15. Bxf6 Bxf6 16. Nd5 Bxd5 17. Rxd5 Qc6 18. Rd1 Qb5 19. Nd4 Qc4 20. b3 Qd5 21. 0-0 Rfc8 22. b4 a6 23. Qb3 Qxb3 24. axb3 b6 25. Rc1 b5 26. Rfd1 e5 27. Ne2 a5 28. bxa5 b4 29. Rc4 Rxa5 30. Rxb4 Raxc5 31. Rb6 Kg7 32. b4 Rc2 33. Kf1 Rb2 34. Ng3 Be7 35. b5 Rc4 36. Rb7 Bh4 37. Nh1 Rcc2 38. g3 Bg5 39. Rdd7 Bxe3 40. Rxf7+ Kh6 41. Rxh7+ Kg5 42. h4+ Kg4 43. Rbg7 Kh3 44. h5 Rb1# 0-1

[Event "Madrid-ch Seniors 50"]
[Site "Madrid"]
[Date "2017.01.09"]
[Round "1"]
[White "Rueda Maria, Ramiro"]
[Black "Cortijo Manso, Luis"]
[Result "1/2-1/2"]
[WhiteElo "1860"]
[BlackElo "1489"]
[PlyCount "67"]
[EventDate "2017.01.09"]
[EventType "swiss"]
[EventRounds "9"]
[EventCountry "ESP"]
[SourceTitle "CBM 176 Extra"]
[Source "ChessBase"]
[SourceDate "2017.03.02"]
[SourceVersion "1"]
[SourceVersionDate "2017.03.02"]
[SourceQuality "1"]

1. c4 c5 2. Nc3 Nc6 3. g3 g6 4. Bg2 Bg7 5. Nf3 e6 6. 0-0 Nge7 7. d3 0-0 8. Be3 Nf5 9. Bxc5 d6 10. Ba3 Re8 11. e3 a6 12. Rc1 Rb8 13. c5 d5 14. Ne2 Bd7 15. e4 Nfe7 16. Qd2 Qa5 17. Qxa5 Nxa5 18. Rfd1 dxe4 19. dxe4 Bc8 20. Ned4 Nac6 21. Rc2 e5 22. Nxc6 Nxc6 23. h3 Be6 24. b3 Red8 25. Rcd2 Rxd2 26. Rxd2 Rd8 27. Bb2 Rxd2 28. Nxd2 Nb4 29. a3 Nd3 30. Bc3 Nxc5 31. b4 Nd3 32. Bf1 Ne1 33. Nc4 Nf3+ 34. Kg2 1/2-1/2

[Event "Madrid San Viator op-B 27th"]
[Site "Madrid"]
[Date "2016.11.06"]
[Round "7"]
[White "Fogue Angelina, Hugo"]
[Black "Cortijo Manso, Luis"]
[Result "1/2-1/2"]
[WhiteElo "1583"]
[BlackElo "1504"]
[PlyCount "91"]
[EventDate "2016.09.25"]
[EventType "swiss"]
[EventRounds "9"]
[EventCountry "ESP"]
[SourceTitle "EXT 2019"]
[Source "ChessBase"]
[SourceDate "2018.10.10"]
[SourceVersion "1"]
[SourceVersionDate "2018.10.10"]
[SourceQuality "1"]

1. e4 e6 2. d4 d5 3. Nc3 Nf6 4. e5 Nfd7 5. f4 c5 6. Nf3 cxd4 7. Nxd4 a6 8. Bd3 Nc6 9. Nce2 Nb4 10. c3 Nxd3+ 11. Qxd3 Nc5 12. Qc2 Be7 13. 0-0 0-0 14. Rf3 f6 15. Rh3 Ne4 16. Ng3 f5 17. Qe2 Qe8 18. c4 Bc5 19. Be3 Bxd4 20. Bxd4 dxc4 21. Nxe4 fxe4 22. Qxe4 g6 23. Bc5 Rf7 24. Qxc4 b5 25. Qb4 Bb7 26. Qd2 Qc6 27. Rc3 Rxf4 28. Bd6 Rc4 29. Rac1 Qd5 30. Qxd5 Bxd5 31. b3 Rxc3 32. Rxc3 h5 33. g3 Kh7 34. a3 Kh6 35. h4 g5 36. hxg5+ Kxg5 37. b4 Bc4 38. Kf2 a5 39. bxa5 Rxa5 40. Bb4 Ra7 41. Bd6 Rf7+ 42. Rf3 Rf5 43. Ke3 Rxf3+ 44. Kxf3 Bd5+ 45. Kf2 Kg4 46. Bc7 1/2-1/2

[Event "Madrid San Viator op-B 27th"]
[Site "Madrid"]
[Date "2016.10.02"]
[Round "2"]
[White "Cortijo Manso, Luis"]
[Black "Aparicio Iriso, Miguel"]
[Result "1-0"]
[WhiteElo "1504"]
[BlackElo "1325"]
[PlyCount "25"]
[EventDate "2016.09.25"]
[EventType "swiss"]
[EventRounds "9"]
[EventCountry "ESP"]
[SourceTitle "EXT 2017"]
[Source "ChessBase"]
[SourceDate "2016.10.25"]
[SourceVersion "1"]
[SourceVersionDate "2016.10.25"]
[SourceQuality "1"]

1. Nf3 Nf6 2. d4 d5 3. g3 e6 4. Bg2 Nbd7 5. Nbd2 c5 6. c4 Be7 7. 0-0 b6 8. cxd5 Nxd5 9. Nc4 Bb7 10. Nce5 N7f6 11. Qa4+ Kf8 12. Ng5 g6 13. Ngxf7 1-0

[Event "Madrid San Viator op-B 26th"]
[Site "Madrid"]
[Date "2016.05.08"]
[Round "5"]
[White "Cortijo Manso, Luis"]
[Black "Mateos Cordero, Francisco"]
[Result "0-1"]
[WhiteElo "1504"]
[BlackElo "1623"]
[PlyCount "100"]
[EventDate "2016.04.03"]
[EventType "swiss"]
[EventRounds "9"]
[EventCountry "ESP"]
[SourceTitle "EXT 2017"]
[Source "ChessBase"]
[SourceDate "2016.10.25"]
[SourceVersion "1"]
[SourceVersionDate "2016.10.25"]
[SourceQuality "1"]

1. Nf3 d5 2. d4 Nf6 3. g3 e6 4. Bg2 Be7 5. 0-0 0-0 6. c4 c6 7. Nc3 Nbd7 8. Re1 b6 9. cxd5 cxd5 10. Bf4 Nh5 11. Bd2 Nhf6 12. Bf4 Bb7 13. a3 Rc8 14. Nb5 a6 15. Nd6 Bxd6 16. Bxd6 Re8 17. Bf4 Rc6 18. Rc1 Rc4 19. Ne5 Nxe5 20. Bxe5 Qa8 21. Qd2 Nd7 22. Rxc4 dxc4 23. Bxb7 Qxb7 24. Bf4 Rc8 25. Rc1 Nf6 26. f3 Nd5 27. e4 Nxf4 28. Qxf4 h6 29. Qd2 b5 30. d5 exd5 31. Qxd5 Qb6+ 32. Kg2 Rd8 33. Qe5 Rd2+ 34. Kh3 Qf2 35. b3 h5 36. Qxh5 Qxh2+ 37. Kg4 Qxh5+ 38. Kxh5 cxb3 39. Rb1 Rd3 40. Kg4 a5 41. f4 a4 42. e5 Rd2 43. f5 Rd4+ 44. Kf3 b4 45. Ke3 Rc4 46. e6 fxe6 47. fxe6 bxa3 48. e7 Rc8 49. Rd1 Re8 50. Rd8 Kf7 0-1

[Event "Madrid-ch Seniors"]
[Site "Madrid"]
[Date "2016.01.19"]
[Round "7"]
[White "Cortijo Manso, Luis"]
[Black "Folgar Lopez, Angel"]
[Result "1-0"]
[WhiteElo "1508"]
[BlackElo "1550"]
[PlyCount "91"]
[EventDate "2016.01.11"]
[EventType "swiss"]
[EventRounds "9"]
[EventCountry "ESP"]
[SourceTitle "EXT 2017"]
[Source "ChessBase"]
[SourceDate "2016.10.25"]
[SourceVersion "1"]
[SourceVersionDate "2016.10.25"]
[SourceQuality "1"]

1. Nf3 Nf6 2. d4 d5 3. g3 Bg4 4. Bg2 Bxf3 5. Bxf3 c6 6. 0-0 g6 7. Nd2 Bg7 8. c4 0-0 9. e3 e6 10. b3 Nbd7 11. cxd5 exd5 12. Bb2 Re8 13. Qc2 Qe7 14. a4 Ne4 15. Ba3 Qe6 16. Rad1 Ndf6 17. Bg2 Nxd2 18. Qxd2 Ne4 19. Qc2 Qf6 20. Bb2 Re6 21. a5 a6 22. Ba3 Rae8 23. Bh3 h5 24. Bxe6 fxe6 25. f3 Ng5 26. Qg2 Kf7 27. Bd6 Qd8 28. Bf4 Nh7 29. b4 g5 30. Be5 Bxe5 31. dxe5 Ke7 32. Qc2 Rh8 33. Qg6 Qf8 34. Qc2 Qg7 35. Qc5+ Kf7 36. Qd6 Re8 37. f4 h4 38. fxg5+ Kg8 39. gxh4 Nf8 40. Rf6 Ng6 41. Rxe6 Rxe6 42. Qxe6+ Kh7 43. Rf1 Nxe5 44. Rf5 Ng4 45. Rf7 Nxe3 46. Rxg7+ 1-0

[Event "Madrid-ch Seniors"]
[Site "Madrid"]
[Date "2016.01.18"]
[Round "6"]
[White "Salgado Duarte, Pablo"]
[Black "Cortijo Manso, Luis"]
[Result "1-0"]
[WhiteElo "1518"]
[BlackElo "1508"]
[PlyCount "71"]
[EventDate "2016.01.11"]
[EventType "swiss"]
[EventRounds "9"]
[EventCountry "ESP"]
[SourceTitle "EXT 2017"]
[Source "ChessBase"]
[SourceDate "2016.10.25"]
[SourceVersion "1"]
[SourceVersionDate "2016.10.25"]
[SourceQuality "1"]

1. d4 Nf6 2. c4 c5 3. Nf3 g6 4. Nc3 cxd4 5. Nxd4 Bg7 6. Bf4 0-0 7. e3 d6 8. Nc2 Nbd7 9. h3 Nc5 10. Rb1 Nfe4 11. Nxe4 Nxe4 12. a3 Qb6 13. Nb4 Be6 14. Bd3 Nc5 15. 0-0 a5 16. Nd5 Qb3 17. Nxe7+ Kh8 18. Qxb3 Nxb3 19. Rfd1 Rad8 20. Nd5 Nc5 21. Bc2 Nd7 22. Bxd6 Rg8 23. Bc7 Rc8 24. Bxa5 Rxc4 25. Bb3 Rc5 26. Bb4 Rb5 27. Bc4 Rxb4 28. axb4 Ne5 29. b3 Bf5 30. Ne7 Bxb1 31. Nxg8 Bc2 32. Rd8 Nc6 33. Ra8 Bc3 34. Ne7+ Kg7 35. Rg8+ Kf6 36. Nd5+ 1-0

[Event "San Sebastian de los Reyes op 17th"]
[Site "San Sebastian"]
[Date "2015.12.01"]
[Round "2"]
[White "Cortijo Manso, Luis"]
[Black "Gueler Berdasco, Martin"]
[Result "0-1"]
[WhiteElo "1505"]
[BlackElo "1901"]
[PlyCount "28"]
[EventDate "2015.11.30"]
[EventType "swiss"]
[EventRounds "9"]
[EventCountry "ESP"]
[SourceTitle "CBM 170 Extra"]
[Source "ChessBase"]
[SourceDate "2016.02.25"]
[SourceVersion "1"]
[SourceVersionDate "2016.02.25"]
[SourceQuality "1"]

1. Nf3 Nf6 2. g3 g6 3. Bg2 Bg7 4. 0-0 0-0 5. c4 d5 6. cxd5 Nxd5 7. Nc3 e5 8. Nxe5 Nxc3 9. Nxf7 Nxe2+ 10. Qxe2 Rxf7 11. Qb5 c6 12. Qb3 Qb6 13. Qa3 Bd4 14. Bf3 Bh3 0-1

[Event "Collado Villalba op-B 32nd"]
[Site "Collado Villalba"]
[Date "2015.08.27"]
[Round "6"]
[White "Cortijo Manso, Luis"]
[Black "Martinez Martinez, Manuel II"]
[Result "1/2-1/2"]
[WhiteElo "1529"]
[BlackElo "1678"]
[PlyCount "123"]
[EventDate "2015.08.22"]
[EventType "swiss"]
[EventRounds "9"]
[EventCountry "ESP"]
[SourceTitle "EXT 2016"]
[Source "ChessBase"]
[SourceDate "2015.10.08"]
[SourceVersion "1"]
[SourceVersionDate "2015.10.08"]
[SourceQuality "1"]

1. Nf3 Nf6 2. d4 e6 3. c4 Be7 4. g3 c6 5. Bg2 d5 6. Nbd2 Nbd7 7. 0-0 Qc7 8. Qc2 e5 9. cxd5 Nxd5 10. dxe5 Nxe5 11. Nxe5 Qxe5 12. Nf3 Qh5 13. Qe4 Nf6 14. Qe5 Qxe5 15. Nxe5 0-0 16. Bf4 Be6 17. b3 Rad8 18. Be3 Bd6 19. Nc4 Bb8 20. Na5 Rd7 21. Rad1 Rfd8 22. Nxb7 Rxd1 23. Nxd8 Rxd8 24. Bxc6 Rc8 25. Rd1 h6 26. Bb7 Re8 27. Bc6 Rf8 28. Bd4 Rd8 29. e3 Be5 30. Bf3 Bxd4 31. Rxd4 Rxd4 32. exd4 Kf8 33. Kf1 Ke7 34. Ke2 Kd6 35. h4 Bd5 36. Bxd5 Kxd5 37. Kd3 Ne8 38. a4 a5 39. f4 f5 40. Kc3 Nd6 41. b4 Ne4+ 42. Kb3 axb4 43. a5 Kxd4 44. Kxb4 Nc5 45. Kb5 Kd5 46. h5 Kd6 47. Kb6 Nd7+ 48. Kb7 Nc5+ 49. Kb6 Ne6 50. a6 Nc7 51. a7 Kd7 52. Kb7 Kd8 53. Kb8 Na8 54. Kb7 Nc7 55. Kb8 Kd7 56. Kb7 Na8 57. Kb8 Kc6 58. Kc8 Nb6+ 59. Kd8 Kd6 60. Ke8 Ke6 61. Kf8 Kf6 62. Ke8 1/2-1/2